000
00253nam a22001097a 4500
008
170124b xxu||||| |||| 00| 0 eng d
020
_a
9780781782487
041
_a
eng
080
_2
9TH
_a
618.2
245
_a
CLINICAL DRUG THERAPY
_c
ABRAMS
942
_2
udc
_c
BK
999
_c
3448
_d
3448